| 000 | 00598nam a22000977a 4500 | ||
|---|---|---|---|
| 008 | 160416b xxu||||| |||| 00| 0 eng d | ||
| 100 | _aMueller, Edwin | ||
| 245 |
_aHandbook of the pre-stamp postmarks of Austria _b Edwin Mueller's Handbook of the pre-stamp postmarks of Austria |
||
| 260 |
_aNew York _bCollectors Club _c1960 |
||
| 650 | _aAustria | Postal History | Postal Markings | 18th Century | 19th Century | Postal Rates | Post Offices | Pre-adhesive Covers | Covers | Registered Mail | Locals and Private Posts | Military Mail | Offices Abroad | Used Abroad | Maritime Mail | Catalogs and Price Lists | ||
| 999 |
_c1895 _d1895 |
||